Zgadnij co to za postać lub rzecz z Miraculous | Część #19 - Statystyki

Ogólne statystyki
  • Ten quiz został rozwiązany 15 razy
  • Średni wynik to 7 z 13
Statystyki odpowiedzi
Obrazkowy Odpowiedź % Poprawnych
Miraculum Świni
80%
Miraculum Koguta
70%
Miraculum Królika
70%
Miraculum Orła
70%
Joanna d'Arc
60%
Miraculum Bawoła
60%
Miraculum Kozy
60%
Miraculum Myszy
60%
Miraculum Psa
60%
Ciemny Grimalkin
30%
Marianne Lenoir
30%
Prodigius
30%
Gisele
20%
Nie znaleziono quizów pasujących do podanych kryteriów
Rozkład punktacji
Procent ludzi z każdym wynikiem
Percentyl według liczby udzielonych odpowiedzi
Twoja historia wyników
Nie rozwiązałeś tego quizu